<?xml version="1.0" encoding="UTF-8"?><?xml-stylesheet type="text/xsl" href="static/style.xsl"?><OAI-PMH xmlns="http://www.openarchives.org/OAI/2.0/" xmlns:xsi="http://www.w3.org/2001/XMLSchema-instance" xsi:schemaLocation="http://www.openarchives.org/OAI/2.0/ http://www.openarchives.org/OAI/2.0/OAI-PMH.xsd"><responseDate>2026-04-17T11:27:17Z</responseDate><request verb="GetRecord" identifier="oai:www.recercat.cat:10459.1/69610" metadataPrefix="marc">https://recercat.cat/oai/request</request><GetRecord><record><header><identifier>oai:recercat.cat:10459.1/69610</identifier><datestamp>2024-12-05T22:10:24Z</datestamp><setSpec>com_2072_3622</setSpec><setSpec>col_2072_479130</setSpec></header><metadata><record xmlns="http://www.loc.gov/MARC21/slim" xmlns:dcterms="http://purl.org/dc/terms/" xmlns:xsi="http://www.w3.org/2001/XMLSchema-instance" xmlns:doc="http://www.lyncode.com/xoai" xsi:schemaLocation="http://www.loc.gov/MARC21/slim http://www.loc.gov/standards/marcxml/schema/MARC21slim.xsd">
   <leader>00925njm 22002777a 4500</leader>
   <datafield ind2=" " ind1=" " tag="042">
      <subfield code="a">dc</subfield>
   </datafield>
   <datafield ind2=" " ind1=" " tag="720">
      <subfield code="a">Vicedo i Rius, Enric</subfield>
      <subfield code="e">author</subfield>
   </datafield>
   <datafield ind2=" " ind1=" " tag="260">
      <subfield code="c">2020-10-06T14:26:53Z</subfield>
   </datafield>
   <datafield ind2=" " ind1=" " tag="260">
      <subfield code="c">2020-10-06T14:26:53Z</subfield>
   </datafield>
   <datafield ind2=" " ind1=" " tag="260">
      <subfield code="c">2015</subfield>
   </datafield>
   <datafield ind2=" " ind1=" " tag="520">
      <subfield code="a">Este trabajo analiza el impacto territorial y humano de los sistemas hidráulicos antiguos, especialmente las acequias de Pinyana y de Fontanet. Estos riegos han proporcionado una mayor regularidad en las cosechas, contribuyendo a perfilar el carácter de las comunidades. Compararemos estos procesos históricos con los desarrollados por “nuevos” regadíos contemporáneos: el Canal de Urgel a partir de la década de 1860. Superadas las dificultades sanitarias iniciales, el riego ha transformado los paisajes, ha contribuido al crecimiento económico y, ante problemas y conflictos, ha forjado una relación más&#xd;
compleja entre vecinos y entre los pueblos.</subfield>
   </datafield>
   <datafield ind2=" " ind1=" " tag="520">
      <subfield code="a">This paper analyzes the territorial and human impact of the old hydraulic systems, especially the irrigation ditches of Pinyana and Fontanet. These irrigations have provided a greater regularity in the crops, contributing to shape the character of the communities. We will compare these historical processes with those developed by “new” contemporary irrigation: the Urgell Canal from the 1860s. Overcoming the initial health difficulties, irrigation has transformed the landscape, has contributed to economic growth, and facing with problems and conflicts, has forged a more complex relationship between neighbours and between villages.</subfield>
   </datafield>
   <datafield ind2=" " ind1=" " tag="520">
      <subfield code="a">Este trabalho analisa o impacto territorial e humano dos sistemas hidráulicos antigos, especialmente as valas de irrigação de Pinyana e Fontanet. Estas irrigaçãos têm proporcionado uma colheitas mais regulares, ajudando a moldar o caráter de comunidades. Comparamos esses processos históricos com aqueles desenvolvidos pela irrigação contemporânea “nova”: o Canal de Urgel, da década de 1860. Superar as dificuldades iniciais de saúde, irrigação transformou a paisagem, tem contribuído para o crescimento económico e confrontados com problemas e conflitos, forjou uma relação mais complexa entre vizinhos e entre as aldeias.</subfield>
   </datafield>
   <datafield ind2=" " ind1=" " tag="520">
      <subfield code="a">Cet article analyse l’impact territorial et humain des vieux systèmes hydrauliques, en particulier les fossés d’irrigation de Pinyana et de Fontanet. Ces irrigations ont fourni une plus grande régularité dans les cultures, contribuant à façonner le caractère des communautés. Nous comparerons ces processus historiques avec ceux développés par «nouvelles» irrigations contemporaines: le Canal d’Urgell depuis les années 1860. Surmontées les initiales difficultés de santé, l’irrigation a transformé le paysage, a contribué à la croissance économique et, confrontés à des problèmes et des conflits, a forgé une&#xd;
relation plus complexe entre voisins et entre les villes.</subfield>
   </datafield>
   <datafield ind1="8" ind2=" " tag="024">
      <subfield code="a">http://hdl.handle.net/10459.1/69610</subfield>
   </datafield>
   <datafield tag="653" ind2=" " ind1=" ">
      <subfield code="a">Acequias y canales</subfield>
   </datafield>
   <datafield tag="653" ind2=" " ind1=" ">
      <subfield code="a">Impacto ecológico</subfield>
   </datafield>
   <datafield tag="653" ind2=" " ind1=" ">
      <subfield code="a">Desarrollo</subfield>
   </datafield>
   <datafield tag="653" ind2=" " ind1=" ">
      <subfield code="a">Comunidades de regantes</subfield>
   </datafield>
   <datafield tag="653" ind2=" " ind1=" ">
      <subfield code="a">Cataluña occidental llana</subfield>
   </datafield>
   <datafield tag="653" ind2=" " ind1=" ">
      <subfield code="a">Siglos XVIII-XX</subfield>
   </datafield>
   <datafield tag="653" ind2=" " ind1=" ">
      <subfield code="a">Ditches and canals</subfield>
   </datafield>
   <datafield tag="653" ind2=" " ind1=" ">
      <subfield code="a">Ecological impact</subfield>
   </datafield>
   <datafield tag="653" ind2=" " ind1=" ">
      <subfield code="a">Development</subfield>
   </datafield>
   <datafield tag="653" ind2=" " ind1=" ">
      <subfield code="a">Communities of irrigators</subfield>
   </datafield>
   <datafield tag="653" ind2=" " ind1=" ">
      <subfield code="a">Plain Western Catalonia</subfield>
   </datafield>
   <datafield tag="653" ind2=" " ind1=" ">
      <subfield code="a">18th-20th centuries</subfield>
   </datafield>
   <datafield ind2="0" ind1="0" tag="245">
      <subfield code="a">Riegos históricos y riegos contemporáneos en la Cataluña occidental llana. El agua y el desarrollo económico y cultural (1750-1950)</subfield>
   </datafield>
   <datafield ind2="0" ind1="0" tag="245">
      <subfield code="a">Historical irrigation and contemporary irrigation in the plain Western Catalonia. Water and the economic and cultural development (1750-1950)</subfield>
   </datafield>
   <datafield ind2="0" ind1="0" tag="245">
      <subfield code="a">Irrigação histórica e irrigação contemporânea na planície ocidental de Catalunha. Água e o desenvolvimento económico e cultural (1750-1950)</subfield>
   </datafield>
   <datafield ind2="0" ind1="0" tag="245">
      <subfield code="a">Irrigation historique et irrigation contemporaine igation dans la Catalogne occidentale plate. L’eau et le développement économique et culturel (1750- 1950)</subfield>
   </datafield>
</record></metadata></record></GetRecord></OAI-PMH>